| 000 | 01216nac a22004330a 4500 | ||
|---|---|---|---|
| 001 | PT51756 | ||
| 003 | AR-LpoUNG | ||
| 005 | 20210201005511.0 | ||
| 008 | 201001s1976||||sp |||||||||||||||||spa d | ||
| 020 |
_a8471132036 _c$4 |
||
| 040 |
_aAR-LpoUNG _bspa _eaacr |
||
| 041 | _aspa | ||
| 044 | _asp | ||
| 082 | 0 | _aR920.02 844v10 | |
| 100 | 1 | _aPinilla, Ramiro | |
| 245 | 1 | 0 | _aMartin Luther King |
| 250 | _a1§ ed. | ||
| 260 |
_aBilbao : _bMoretón, _c1976. |
||
| 300 |
_a456 p. : _bfot. _a(10 _fVolúmenes) _3Impreso |
||
| 490 | 0 | _aGrandes Biografías | |
| 505 | 0 | _aContenido: Martin Luther King / Ramiro Pinilla - Madame Curie / Ángel de la Iglesia - Garibaldi / María Luisa Celaa | |
| 650 | 4 | _aANALISIS HISTORICO | |
| 650 | 4 | _aASPECTOS JURIDICOS | |
| 650 | 4 | _aASPECTOS POLITICOS | |
| 650 | 4 | _aBIOGRAFIAS | |
| 650 | 4 | _aESTADOS UNIDOS | |
| 650 | 4 | _aIGLESIA | |
| 650 | 4 | _aITALIA | |
| 650 | 4 | _aMATERIAL DE REFERENCIA | |
| 650 | 4 | _aMEDICINA | |
| 650 | 4 | _aQUIMICA | |
| 650 | 4 | _aRADIACTIVIDAD | |
| 651 | 4 | _aDOCUMENTOS TEORICOS O METODOLOGICOS | |
| 653 | _aGARIBALDI, GIUSEPPE | ||
| 700 | 1 | _aCelaa, María Luisa | |
| 700 | 1 | _aIglesia, Ángel de la | |
| 905 | _a51756 | ||
| 942 | _cLSALA | ||
| 999 |
_c49892 _d49892 |
||